Every city in Zambia - Statistics

General Stats
  • This quiz has been taken 10 times
  • The average score is 12 of 72
Answer Stats
City Population % Correct
L Lusaka 1,747,152
100%
K Kitwe 501,360
43%
L Livingstone 134,349
43%
K Kabwe 202,360
29%
Z Zambezi 10,299
29%
C Chama 7,029
14%
C Chambishi 24,152
14%
C Chavuma 4,652
14%
C Chibombo 4,310
14%
C Chilanga 18,632
14%
C Chililabombwe 77,818
14%
C Chilubi 4,295
14%
C Chingola 185,246
14%
C Chinsali 15,198
14%
C Chipata 116,627
14%
C Chirundu 13,585
14%
C Choma 51,842
14%
C Chongwe 12,160
14%
C Chunga 6,456
14%
I Isoka 17,295
14%
I Itezhi-Tezhi 13,858
14%
K Kabompo 9,865
14%
K Kafue 71,573
14%
K Kalomo 15,394
14%
K Kalulushi 51,863
14%
K Kaoma 19,851
14%
K Kapiri Mposhi 44,783
14%
K Kaputa 9,210
14%
K Kasama 101,845
14%
K Kasempa 4,402
14%
K Katete 17,998
14%
K Kawambwa 15,953
14%
L Luangwa 4,797
14%
L Luanshya 130,076
14%
L Lukulu 10,575
14%
L Lundashi 4,866
14%
L Lundazi 15,902
14%
L Luwingu 10,766
14%
M Maamba 14,322
14%
M Mansa 78,153
14%
M Manyinga 12,760
14%
M Mazabuka 71,700
14%
M Mbala 24,010
14%
M Mkushi 19,196
14%
M Mongu 49,818
14%
M Monze 39,724
14%
M Mpika 39,724
14%
M Mpongwe 14,979
14%
M Mporokoso 15,556
14%
M Mpulungu 29,103
14%
M Mufulira 151,309
14%
M Mufumbwe 9,576
14%
M Mulele 4,933
14%
M Mumbwa 20,390
14%
M Mungwi 7,831
14%
M Mwandi 4,271
14%
M Mwansabombwe 10,801
14%
M Mwense 16,271
14%
M Mwinilunga 15,704
14%
N Nakonde 41,836
14%
N Nampundwe 8,959
14%
N Namwala 5,399
14%
N Nchelenge 36,894
14%
N Ndola 451,246
14%
N Nyimba 6,821
14%
P Petauke 29,728
14%
S Samfya 19,907
14%
S Senanga 14,102
14%
S Serenje 17,754
14%
S Sesheke 13,167
14%
S Siavonga 11,832
14%
S Solwezi 90,856
14%
No matching quizzes found
Score Distribution
Percent of People with Each Score
Percentile by Number Answered
Your Score History
You have not taken this quiz